[Event "Abu Dhabi op 13th"]
[Site "Abu Dhabi"]
[Date "2003.08.23"]
[Round "7"]
[White "Maharramzade, Javad"]
[Black "Kotsur, Pavel"]
[Result "0-1"]
[WhiteElo "2473"]
[BlackElo "2540"]
[PlyCount "90"]
[EventDate "2003.08.16"]
[EventType "swiss"]
[EventRounds "9"]
[EventCountry "UAE"]
[SourceTitle "CBM 097"]
[Source "ChessBase"]
[SourceDate "2003.11.11"]
[SourceVersion "1"]
[SourceVersionDate "2003.11.11"]
[SourceQuality "1"]

1. Nf3 c5 2. g3 Nc6 3. Bg2 g6 4. c3 e5 5. d3 Bg7 6. 0-0 Nge7 7. e4 0-0 8. a4 h6 9. Na3 d5 10. exd5 Nxd5 11. Re1 Re8 12. Nd2 Be6 13. Ndc4 Qd7 14. a5 Rad8 15. Qa4 a6 16. Be3 Bf8 17. Rad1 f5 18. Bc1 Bf7 19. Nb6 Nxb6 20. axb6 Bd5 21. Bxd5+ Qxd5 22. Qc4 Na5 23. Qa4 Nc6 24. Qc4 Kg7 25. Qh4 Kh7 26. Nc4 Bg7 27. g4 f4 28. Qh3 e4 29. Bxf4 exd3 30. Ne3 Qf7 31. Bc7 Rd7 32. Rf1 c4 33. Qg3 Bf8 34. Qf4 Qxf4 35. Bxf4 Bc5 36. Rfe1 Re4 37. Bc7 Rde7 38. b3 Bxe3 39. Rxe3 Rxg4+ 40. Bg3 Rxe3 41. fxe3 cxb3 42. Rb1 Ra4 43. Kf2 Na5 44. e4 Rxe4 45. Kf3 Re6 0-1

[Event "Abu Dhabi op 13th"]
[Site "Abu Dhabi"]
[Date "2003.08.22"]
[Round "6"]
[White "Maharramzade, Javad"]
[Black "Neverov, Valeriy"]
[Result "1-0"]
[WhiteElo "2473"]
[BlackElo "2566"]
[PlyCount "94"]
[EventDate "2003.08.16"]
[EventType "swiss"]
[EventRounds "9"]
[EventCountry "UAE"]
[SourceTitle "CBM 097"]
[Source "ChessBase"]
[SourceDate "2003.11.11"]
[SourceVersion "1"]
[SourceVersionDate "2003.11.11"]
[SourceQuality "1"]

1. Nf3 Nf6 2. c4 e6 3. g3 d5 4. b3 c5 5. Bg2 Nc6 6. e3 Be7 7. 0-0 0-0 8. Bb2 b6 9. Nc3 Ba6 10. d3 Qc7 11. Qe2 Rad8 12. Rfd1 Qb8 13. Nh4 Rfe8 14. f4 Bb7 15. Nf3 d4 16. exd4 cxd4 17. Ne4 Ng4 18. Bc1 Qa8 19. Nfg5 Nh6 20. Nf2 Nf5 21. Ng4 Bxg5 22. fxg5 Nce7 23. Bd2 Ng6 24. Bxb7 Qxb7 25. Qg2 Qc7 26. Qf3 Rd7 27. Re1 Red8 28. Rad1 b5 29. cxb5 Rd5 30. Rc1 Qb8 31. a4 Ne3 32. Nxe3 dxe3 33. Rxe3 Rxg5 34. Qc6 Rgd5 35. Qc7 Qa8 36. Qc6 Qb8 37. Ba5 Ne7 38. Qc7 Nf5 39. Qxb8 Rxb8 40. Re4 Rxd3 41. Rec4 g5 42. Rc8+ Rxc8 43. Rxc8+ Kg7 44. Bc3+ Kh6 45. a5 Nd6 46. b6 Nxc8 47. b7 Rxc3 1-0

[Event "Abu Dhabi op 13th"]
[Site "Abu Dhabi"]
[Date "2003.08.20"]
[Round "5"]
[White "Dizdar, Goran"]
[Black "Maharramzade, Javad"]
[Result "1/2-1/2"]
[WhiteElo "2525"]
[BlackElo "2473"]
[PlyCount "69"]
[EventDate "2003.08.16"]
[EventType "swiss"]
[EventRounds "9"]
[EventCountry "UAE"]
[SourceTitle "CBM 097"]
[Source "ChessBase"]
[SourceDate "2003.11.11"]
[SourceVersion "1"]
[SourceVersionDate "2003.11.11"]
[SourceQuality "1"]

1. d4 Nf6 2. Nf3 e6 3. c4 b6 4. g3 Ba6 5. Nbd2 Bb4 6. Qc2 Bb7 7. Bg2 Be4 8. Qb3 Bxd2+ 9. Bxd2 0-0 10. 0-0 d6 11. Rfd1 Nbd7 12. Rac1 a5 13. Bh3 Qe7 14. Qe3 h6 15. Bc3 Rfe8 16. b3 a4 17. Ne5 axb3 18. axb3 Ra3 19. Bb4 Ra2 20. f3 Bb7 21. Nxd7 Nxd7 22. Ra1 Rea8 23. Rxa2 Rxa2 24. d5 Nf8 25. Bc3 Qg5 26. f4 Qh5 27. Bf1 Qf5 28. Qd4 f6 29. e4 Qh5 30. Rd2 e5 31. Qe3 Ra3 32. Bb2 Ra2 33. Bc3 Ra3 34. Bb2 Ra2 35. Bc3 1/2-1/2

[Event "Abu Dhabi op 13th"]
[Site "Abu Dhabi"]
[Date "2003.08.19"]
[Round "4"]
[White "Maharramzade, Javad"]
[Black "Gagunashvili, Merab"]
[Result "1-0"]
[WhiteElo "2473"]
[BlackElo "2577"]
[PlyCount "65"]
[EventDate "2003.08.16"]
[EventType "swiss"]
[EventRounds "9"]
[EventCountry "UAE"]
[SourceTitle "CBM 097"]
[Source "ChessBase"]
[SourceDate "2003.11.11"]
[SourceVersion "1"]
[SourceVersionDate "2003.11.11"]
[SourceQuality "1"]

1. Nf3 Nf6 2. g3 d5 3. Bg2 c6 4. 0-0 Bg4 5. c4 e6 6. cxd5 Bxf3 7. Bxf3 cxd5 8. d3 Nc6 9. Nc3 Be7 10. Bg2 0-0 11. Bd2 a6 12. a3 b5 13. Rc1 Qb6 14. e4 d4 15. e5 dxc3 16. exf6 Bxf6 17. Be3 Qc7 18. d4 Rac8 19. bxc3 Rfd8 20. a4 Na5 21. axb5 axb5 22. Qh5 Nb3 23. Be4 Nxc1 24. Qxh7+ Kf8 25. Rxc1 Qa5 26. d5 exd5 27. Bxd5 Rxc3 28. Re1 Be5 29. Bg5 Rxg3+ 30. hxg3 Qxe1+ 31. Kg2 f6 32. Qg8+ Ke7 33. Qe6+ 1-0

[Event "Olympiad-35"]
[Site "Bled"]
[Date "2002.10.29"]
[Round "4.4"]
[White "Gyimesi, Zoltan"]
[Black "Maharramzade, Javad"]
[Result "1/2-1/2"]
[WhiteElo "2596"]
[BlackElo "2469"]
[PlyCount "152"]
[EventDate "2002.10.26"]
[EventType "team-swiss"]
[EventRounds "14"]
[EventCountry "SLO"]
[SourceTitle "EXT 2003"]
[Source "ChessBase"]
[SourceDate "2002.11.25"]
[SourceVersion "1"]
[SourceVersionDate "2002.11.25"]
[SourceQuality "1"]
[WhiteTeam "Hungary"]
[BlackTeam "Azerbaijan"]
[WhiteTeamCountry "HUN"]
[BlackTeamCountry "AZE"]

1. d4 Nf6 2. c4 e6 3. Nf3 b6 4. g3 Ba6 5. Nbd2 Bb4 6. Qc2 Bb7 7. Bg2 Be4 8. Qb3 Bxd2+ 9. Bxd2 0-0 10. 0-0 d6 11. Rfe1 Nbd7 12. Bh3 h6 13. Bc3 d5 14. Nd2 dxc4 15. Qxc4 Bb7 16. b4 Rc8 17. Qb3 c5 18. bxc5 Bd5 19. Qa3 bxc5 20. e4 Ba8 21. Qxa7 cxd4 22. Qxd4 Nc5 23. Qxd8 Rfxd8 24. Ba5 Rd4 25. Rac1 Ra4 26. Nb3 Nfd7 27. Red1 Bb7 28. Nxc5 Rxc5 29. Bc3 Bc6 30. Bg2 Rxa2 31. Bd4 Rcc2 32. Rxc2 Rxc2 33. f3 e5 34. Be3 Kf8 35. Bf1 Ke7 36. Bd3 Rc3 37. Kf2 Nc5 38. Be2 Rc2 39. Rd2 Rxd2 40. Bxd2 Ne6 41. Bb4+ Kd7 42. Bc4 f6 43. Ke3 Ba4 44. Bf1 Ke8 45. f4 exf4+ 46. gxf4 Bc6 47. Bc4 Bd7 48. Be2 g6 49. Bd1 Kf7 50. Bb3 Kg7 51. Bd6 Nd8 52. h4 h5 53. Bc7 Ne6 54. Bb6 Nf8 55. Bc7 Ne6 56. Bb8 Nd8 57. Bd6 Be6 58. Ba4 Nf7 59. Bb4 Nh6 60. Kd4 Kf7 61. Kc5 Ng4 62. Kd6 Nf2 63. Bc6 f5 64. exf5 Bxf5 65. Bd5+ Kf8 66. Kc7+ Kg7 67. Kd8 Ng4 68. Bc5 Nh6 69. Ke8 Bb1 70. Bd4+ Kh7 71. Kf8 Bc2 72. Bf2 Bb1 73. Be1 Bc2 74. Ke7 Ng4 75. Be6 Bd3 76. Kf8 Nh6 1/2-1/2

[Event "EU-ch 3rd"]
[Site "Batumi"]
[Date "2002.06.18"]
[Round "7"]
[White "Haznedaroglu, Kivanc"]
[Black "Maharramzade, Javad"]
[Result "1/2-1/2"]
[WhiteElo "2345"]
[BlackElo "2493"]
[PlyCount "81"]
[EventDate "2002.06.12"]
[EventType "swiss"]
[EventRounds "13"]
[EventCountry "GEO"]
[SourceTitle "CBM 090"]
[Source "ChessBase"]
[SourceDate "2002.09.20"]
[SourceVersion "1"]
[SourceVersionDate "2002.09.20"]
[SourceQuality "1"]

1. e4 c6 2. d4 d5 3. Nc3 dxe4 4. Nxe4 Bf5 5. Ng3 Bg6 6. h4 h6 7. Nf3 Nd7 8. h5 Bh7 9. Bd3 Bxd3 10. Qxd3 e6 11. Bf4 Bb4+ 12. c3 Be7 13. 0-0-0 Ngf6 14. Kb1 0-0 15. c4 Qa5 16. Ne5 Rad8 17. Qe2 Rfe8 18. Ne4 Nxe4 19. Qxe4 Nxe5 20. Bxe5 Qb4 21. Rh3 f5 22. Qe2 Bf8 23. Rg3 Rd7 24. f4 a5 25. Rb3 Qe7 26. g4 fxg4 27. Qxg4 Qf7 28. Rg3 Red8 29. Rdg1 Qf5+ 30. Qxf5 exf5 31. Rg6 Rxd4 32. Bxd4 Rxd4 33. Rxh6 Rxc4 34. Rf6 Bc5 35. Rg2 Be3 36. a3 Rxf4 37. Rfg6 Bd4 38. h6 Re4 39. hxg7 Re7 40. Kc2 Bxg7 41. Kd3 1/2-1/2

[Event "EU-ch 3rd"]
[Site "Batumi"]
[Date "2002.06.12"]
[Round "1"]
[White "Maharramzade, Javad"]
[Black "Magalashvili, Davit"]
[Result "1/2-1/2"]
[WhiteElo "2493"]
[BlackElo "2160"]
[PlyCount "100"]
[EventDate "2002.06.12"]
[EventType "swiss"]
[EventRounds "13"]
[EventCountry "GEO"]
[SourceTitle "CBM 090"]
[Source "ChessBase"]
[SourceDate "2002.09.20"]
[SourceVersion "1"]
[SourceVersionDate "2002.09.20"]
[SourceQuality "1"]

1. Nf3 d5 2. g3 c5 3. Bg2 Nc6 4. d4 e6 5. 0-0 Nf6 6. c4 dxc4 7. Ne5 Nxe5 8. dxe5 Qxd1 9. Rxd1 Nd7 10. f4 Be7 11. Nd2 Nb6 12. a4 a5 13. Ne4 Bd7 14. Nd6+ Bxd6 15. Rxd6 Nd5 16. Bxd5 exd5 17. Rxd5 b6 18. Rd6 Rb8 19. e4 Bg4 20. Kf2 g6 21. Bd2 Rd8 22. Bc3 Rxd6 23. exd6 Rf8 24. Bf6 Kd7 25. Be7 Rb8 26. Ke3 b5 27. axb5 Rxb5 28. Bf6 Kxd6 29. Bc3 h5 30. Rf1 Rb7 31. Ra1 Ra7 32. Ra4 Be6 33. Kd2 Kc6 34. Rxa5 Rxa5 35. Bxa5 Kb5 36. Bc3 Kc6 37. Ke3 Kd6 38. f5 gxf5 39. e5+ Ke7 40. Kf4 Bd5 41. Kxf5 Bf3 42. Bd2 Bg4+ 43. Ke4 Ke6 44. Be3 f6 45. exf6 Kxf6 46. Kd5 Be2 47. Bxc5 Kf5 48. h3 Bf1 49. Bd6 Bxh3 50. Kxc4 Kg4 1/2-1/2

[Event "Abu Dhabi op 11th"]
[Site "Abu Dhabi"]
[Date "2001.08.28"]
[Round "4"]
[White "Maharramzade, Javad"]
[Black "Safin, Shukhrat"]
[Result "1/2-1/2"]
[WhiteElo "2476"]
[BlackElo "2529"]
[PlyCount "82"]
[EventDate "2001.08.25"]
[EventType "swiss"]
[EventRounds "9"]
[EventCountry "UAE"]
[SourceTitle "EXT 2002"]
[Source "ChessBase"]
[SourceDate "2001.11.25"]
[SourceVersion "1"]
[SourceVersionDate "2001.11.25"]
[SourceQuality "1"]

1. d4 d5 2. Nf3 Nf6 3. c4 c6 4. Nc3 dxc4 5. a4 Bf5 6. e3 e6 7. Bxc4 Bb4 8. 0-0 Nbd7 9. Qe2 Bg6 10. e4 0-0 11. Bd3 h6 12. Rd1 Re8 13. e5 Bxd3 14. Rxd3 Nd5 15. Qe4 Nf8 16. Qg4 Ng6 17. h4 h5 18. Qg3 Be7 19. Ng5 Nxc3 20. bxc3 Bxg5 21. Bxg5 Qd5 22. Qe3 c5 23. Qe2 cxd4 24. cxd4 Rac8 25. Rad1 Rc4 26. Qxh5 Rxa4 27. Qe2 Ra2 28. Qg4 Ra4 29. Qe2 Ne7 30. Bxe7 Rxe7 31. h5 Rc7 32. Qe3 Kf8 33. Qg5 Rac4 34. h6 gxh6 35. Qxh6+ Ke8 36. Rf3 Rxd4 37. Qh8+ Ke7 38. Qf6+ Ke8 39. Qh8+ Ke7 40. Rxd4 Qxd4 41. Qf6+ Ke8 1/2-1/2

[Event "Abu Dhabi op 11th"]
[Site "Abu Dhabi"]
[Date "2001.08.26"]
[Round "2"]
[White "Maharramzade, Javad"]
[Black "Gleizerov, Evgeny"]
[Result "0-1"]
[WhiteElo "2476"]
[BlackElo "2587"]
[PlyCount "75"]
[EventDate "2001.08.25"]
[EventType "swiss"]
[EventRounds "9"]
[EventCountry "UAE"]
[SourceTitle "EXT 2002"]
[Source "ChessBase"]
[SourceDate "2001.11.25"]
[SourceVersion "1"]
[SourceVersionDate "2001.11.25"]
[SourceQuality "1"]

1. d4 e6 2. c4 f5 3. g3 Nf6 4. Bg2 c6 5. Nd2 d5 6. Qc2 Bd6 7. Nh3 0-0 8. 0-0 b6 9. Nf3 Ne4 10. Bf4 Bb7 11. Bxd6 Qxd6 12. Nf4 Nd7 13. b4 Qxb4 14. Nxe6 Rfc8 15. c5 Qc3 16. Qd1 Ba6 17. Nh4 g6 18. Bxe4 fxe4 19. Rc1 Qa5 20. cxb6 axb6 21. f4 Qxa2 22. Rc2 Qa3 23. f5 Qe7 24. Qc1 Nf8 25. Nxf8 Rxf8 26. Rxc6 Bxe2 27. f6 Qb4 28. f7+ Rxf7 29. Rxf7 Kxf7 30. Rc7+ Ke6 31. Nf5 Kf6 32. Ne3 Qxd4 33. Kg2 Bf3+ 34. Kh3 Qe5 35. Rxh7 d4 36. g4 dxe3 37. Qc6+ Kg5 38. Rh5+ 0-1

[Event "Tbilisi Nona 60"]
[Site "Tbilisi"]
[Date "2001.05.19"]
[Round "13"]
[White "Arutinian, David"]
[Black "Maharramzade, Javad"]
[Result "0-1"]
[WhiteElo "2390"]
[BlackElo "2459"]
[PlyCount "108"]
[EventDate "2001.05.??"]
[EventType "tourn"]
[EventRounds "13"]
[EventCountry "GEO"]
[EventCategory "9"]
[SourceTitle "EXT 2004"]
[Source "ChessBase"]
[SourceDate "2003.11.25"]
[SourceVersion "1"]
[SourceVersionDate "2003.11.25"]
[SourceQuality "1"]

1. e4 c6 2. d4 d5 3. Nc3 dxe4 4. Nxe4 Bf5 5. Ng3 Bg6 6. h4 h6 7. Nf3 Nd7 8. h5 Bh7 9. Bd3 Bxd3 10. Qxd3 e6 11. Bf4 Bb4+ 12. c3 Be7 13. 0-0-0 Ngf6 14. Kb1 0-0 15. Ne4 Nxe4 16. Qxe4 Nf6 17. Qe2 Qd5 18. Ne5 Qe4+ 19. Qxe4 Nxe4 20. Rhe1 Nf6 21. g4 Rfd8 22. f3 Rac8 23. Nd3 b5 24. Bc1 Nd5 25. Rg1 Kf8 26. a3 Bxa3 27. bxa3 Nxc3+ 28. Kc2 Nxd1 29. Rxd1 Rxd4 30. Re1 c5 31. Be3 Rd5 32. Rb1 a6 33. Nf2 b4 34. Kb3 c4+ 35. Kc2 Re5 36. Ne4 f5 37. Bf4 Rd5 38. Nf2 bxa3 39. Ra1 Ra5 40. Ra2 Rc6 41. Nd1 c3 42. Nxc3 fxg4 43. fxg4 Rc4 44. Bd6+ Kg8 45. g5 Rxg5 46. Rxa3 Rc6 47. Bf4 Rxh5 48. Kd3 a5 49. Ne4 Rd5+ 50. Ke2 Rc4 51. Nc3 Rf5 52. Bg3 a4 53. Be1 Ra5 54. Ne4 Re5 0-1

[Event "Tbilisi Nona 60"]
[Site "Tbilisi"]
[Date "2001.05.06"]
[Round "1"]
[White "Maharramzade, Javad"]
[Black "Mchedlishvili, Mikheil"]
[Result "1/2-1/2"]
[WhiteElo "2459"]
[BlackElo "2416"]
[PlyCount "31"]
[EventDate "2001.05.??"]
[EventType "tourn"]
[EventRounds "13"]
[EventCountry "GEO"]
[EventCategory "9"]
[SourceTitle "EXT 2004"]
[Source "ChessBase"]
[SourceDate "2003.11.25"]
[SourceVersion "1"]
[SourceVersionDate "2003.11.25"]
[SourceQuality "1"]

1. d4 Nf6 2. Nf3 e6 3. c4 d5 4. g3 Bb4+ 5. Bd2 Be7 6. Bg2 0-0 7. 0-0 c6 8. Qc2 b6 9. b3 Nbd7 10. Rd1 Bb7 11. Nc3 Rc8 12. e4 c5 13. exd5 exd5 14. dxc5 dxc4 15. bxc4 bxc5 16. Qb3 1/2-1/2

[Event "Ubeda op 6th"]
[Site "Ubeda"]
[Date "2001.01.22"]
[Round "2"]
[White "Maharramzade, Javad"]
[Black "Minasian, Artashes"]
[Result "1-0"]
[WhiteElo "2459"]
[BlackElo "2567"]
[PlyCount "133"]
[EventDate "2001.01.21"]
[EventType "swiss"]
[EventRounds "10"]
[EventCountry "ESP"]
[SourceTitle "CBM 080 Extra"]
[Source "ChessBase"]
[SourceDate "2001.03.08"]
[SourceVersion "1"]
[SourceVersionDate "2001.03.08"]
[SourceQuality "1"]

1. d4 g6 2. Nf3 Bg7 3. c4 c5 4. d5 d6 5. g3 e6 6. Bg2 exd5 7. cxd5 Nf6 8. Nc3 0-0 9. 0-0 Re8 10. Bf4 a6 11. a4 Bg4 12. h3 Bxf3 13. Bxf3 Qc7 14. Rc1 Nbd7 15. b4 Rac8 16. Qb3 Qb6 17. b5 Ne5 18. Bg2 Nh5 19. Ne4 Nxf4 20. gxf4 Nd7 21. a5 Qc7 22. b6 Qb8 23. e3 Re7 24. Nd2 Rce8 25. Nc4 Nf6 26. Kh2 Qd8 27. Qa4 Bh6 28. Nd2 Qc8 29. Qc2 Nh5 30. Bf3 Nxf4 31. exf4 Bxf4+ 32. Kg2 Re5 33. Rh1 Qd8 34. h4 Qf6 35. Rcd1 h5 36. Qd3 Kf8 37. Ne4 Qe7 38. Ng3 Qf6 39. Ne4 Qe7 40. Ng3 Qf6 41. Qc4 Bh6 42. Rd3 Qd8 43. Bd1 Bg7 44. Ba4 R8e7 45. Rf1 f5 46. Bd1 Kg8 47. Bf3 Bh6 48. Rh1 Kh7 49. Rdd1 Qe8 50. Kf1 Re1+ 51. Rxe1 Rxe1+ 52. Kg2 Rxh1 53. Nxh1 Bd2 54. Qa2 Bc3 55. Ng3 Qb5 56. Qc2 Be5 57. Nxf5 c4 58. Ne3 c3 59. Bxh5 Qe8 60. Qe4 Qf7 61. Be2 Kg7 62. Bd3 Bf4 63. Ng4 Bd2 64. Bc2 Kh7 65. Qf3 Qxf3+ 66. Kxf3 Be1 67. Ne3 1-0

[Event "Linares Anibal op 08th"]
[Site "Linares"]
[Date "2001.01.12"]
[Round "5"]
[White "Akopian, Vladimir Eduardovic"]
[Black "Maharramzade, Javad"]
[Result "1-0"]
[WhiteElo "2656"]
[BlackElo "2459"]
[PlyCount "91"]
[EventDate "2001.01.08"]
[EventType "swiss"]
[EventRounds "11"]
[EventCountry "ESP"]
[SourceTitle "CBM 081"]
[Source "ChessBase"]
[SourceDate "2001.03.20"]
[SourceVersion "1"]
[SourceVersionDate "2001.03.20"]
[SourceQuality "1"]

1. Nf3 c5 2. c4 g6 3. e4 Nc6 4. d4 cxd4 5. Nxd4 Nf6 6. Nc3 d6 7. Be2 Nxd4 8. Qxd4 Bg7 9. Be3 0-0 10. Qd2 Be6 11. Rc1 Qa5 12. f3 Rfc8 13. b3 a6 14. Na4 Qxd2+ 15. Kxd2 Nd7 16. g4 Rcb8 17. Nc3 b5 18. Nd5 bxc4 19. Bxc4 Kf8 20. Nc7 Bxc4 21. Rxc4 Ne5 22. Ra4 Nxf3+ 23. Ke2 Ne5 24. Rc1 Nxg4 25. Nxa8 Nxe3 26. Nb6 Ke8 27. Rxa6 f5 28. Ra8 Rxa8 29. Nxa8 Ng2 30. exf5 gxf5 31. b4 Nf4+ 32. Kf1 Nd3 33. Rc8+ Kd7 34. Rc7+ Kd8 35. b5 d5 36. b6 Be5 37. Rc2 Nb4 38. Rc5 e6 39. b7 Kd7 40. Nb6+ Ke7 41. Rc8 Bxh2 42. a4 Na6 43. a5 Bb8 44. Na4 Kd6 45. Nc5 Nxc5 46. Rxb8 1-0

[Event "Linares Anibal op 08th"]
[Site "Linares"]
[Date "2001.01.10"]
[Round "3"]
[White "Bruzon Batista, Lazaro"]
[Black "Maharramzade, Javad"]
[Result "1-0"]
[WhiteElo "2584"]
[BlackElo "2459"]
[PlyCount "95"]
[EventDate "2001.01.08"]
[EventType "swiss"]
[EventRounds "11"]
[EventCountry "ESP"]
[SourceTitle "CBM 081"]
[Source "ChessBase"]
[SourceDate "2001.03.20"]
[SourceVersion "1"]
[SourceVersionDate "2001.03.20"]
[SourceQuality "1"]

1. e4 c6 2. d4 d5 3. Nd2 dxe4 4. Nxe4 Bf5 5. Ng3 Bg6 6. h4 h6 7. Nf3 Nd7 8. h5 Bh7 9. Bd3 Bxd3 10. Qxd3 e6 11. Bd2 Ngf6 12. 0-0-0 Be7 13. Qe2 0-0 14. Ne5 c5 15. dxc5 Nxe5 16. Qxe5 Nd7 17. Qc3 Qc8 18. Bf4 Nxc5 19. Be5 b5 20. Bxg7 Bg5+ 21. f4 Bxf4+ 22. Kb1 Na4 23. Qd4 Qc7 24. Bxf8 Rxf8 25. Ne2 Be5 26. Qg4+ Kh8 27. c3 Rg8 28. Qe4 b4 29. cxb4 Bxb2 30. Qc2 Qxc2+ 31. Kxc2 Rxg2 32. Kb3 Nb6 33. Nf4 Rg4 34. Nxe6 fxe6 35. Kxb2 Rxb4+ 36. Kc2 Rb5 37. Rd6 Re5 38. Rc6 Re2+ 39. Kb3 Re3+ 40. Rc3 Re5 41. Rc7 a5 42. Rb7 Rb5+ 43. Kc2 Rc5+ 44. Kb1 Nd5 45. Re1 Nc3+ 46. Ka1 a4 47. Rb6 a3 48. Rb3 1-0

[Event "Olympiad-34"]
[Site "Istanbul"]
[Date "2000.11.12"]
[Round "14.2"]
[White "Maharramzade, Javad"]
[Black "Vladimirov, Yevgeniy"]
[Result "1-0"]
[WhiteElo "2433"]
[BlackElo "2598"]
[PlyCount "145"]
[EventDate "2000.10.28"]
[EventType "team-swiss"]
[EventRounds "14"]
[EventCountry "TUR"]
[SourceTitle "EXT 2001"]
[Source "ChessBase"]
[SourceDate "2000.11.22"]
[SourceVersion "1"]
[SourceVersionDate "2000.11.22"]
[SourceQuality "1"]
[WhiteTeam "Azerbaijan"]
[BlackTeam "Kazakhstan"]
[WhiteTeamCountry "AZE"]
[BlackTeamCountry "KAZ"]

1. d4 g6 2. Nf3 Bg7 3. c4 d6 4. g3 Nd7 5. Bg2 e5 6. Nc3 Ne7 7. 0-0 0-0 8. dxe5 dxe5 9. Qc2 Nf5 10. Bg5 f6 11. Bd2 c6 12. Ne4 Qe7 13. c5 Nh6 14. Nd6 Nf7 15. Nxc8 Raxc8 16. e4 Qxc5 17. Qxc5 Nxc5 18. Bb4 b6 19. Bxc5 bxc5 20. Rac1 Nd6 21. Rxc5 Nxe4 22. Ra5 Nd6 23. Rxa7 Rf7 24. Ra6 Rb7 25. b3 Nb5 26. Re1 Ra7 27. Rxa7 Nxa7 28. g4 Re8 29. Nd2 Bf8 30. Nc4 Bc5 31. g5 Rf8 32. gxf6 Rxf6 33. Re2 Bd4 34. Nxe5 Re6 35. Re4 c5 36. Nd3 Ra6 37. a4 Kf8 38. Rf4+ Ke7 39. Bd5 Rf6 40. Rxf6 Kxf6 41. Bb7 Ke6 42. Kg2 Kd6 43. Kf3 Kc7 44. Bd5 Nc8 45. Bg8 h6 46. Ke4 Kc6 47. Bd5+ Kd7 48. Bc4 Kc6 49. Bb5+ Kb6 50. Bd7 Ne7 51. b4 Bc3 52. bxc5+ Kc7 53. Be8 g5 54. h3 Kd8 55. Bf7 Kc7 56. f3 Kc6 57. Be8+ Kc7 58. Ne5 Bb4 59. Kd4 Nf5+ 60. Kc4 Bd2 61. Bg6 Nh4 62. Be4 Ng2 63. Kb5 Nf4 64. a5 Ne2 65. a6 Nc3+ 66. Kc4 Nxe4 67. fxe4 h5 68. Kd5 Bf4 69. Ng6 Be3 70. e5 g4 71. hxg4 hxg4 72. e6 Bg5 73. Ke4 1-0

[Event "Olympiad-34"]
[Site "Istanbul"]
[Date "2000.11.08"]
[Round "11.2"]
[White "Maharramzade, Javad"]
[Black "Aleksandrov, Aleksej"]
[Result "1/2-1/2"]
[WhiteElo "2433"]
[BlackElo "2591"]
[PlyCount "80"]
[EventDate "2000.10.28"]
[EventType "team-swiss"]
[EventRounds "14"]
[EventCountry "TUR"]
[SourceTitle "EXT 2001"]
[Source "ChessBase"]
[SourceDate "2000.11.22"]
[SourceVersion "1"]
[SourceVersionDate "2000.11.22"]
[SourceQuality "1"]
[WhiteTeam "Azerbaijan"]
[BlackTeam "Belarus"]
[WhiteTeamCountry "AZE"]
[BlackTeamCountry "BLR"]

1. d4 Nf6 2. Nf3 e6 3. c4 d5 4. g3 dxc4 5. Bg2 Nc6 6. Qa4 Bb4+ 7. Bd2 Nd5 8. Bxb4 Ndxb4 9. Na3 a6 10. 0-0 0-0 11. Ne5 Qxd4 12. Nxc6 Nxc6 13. Bxc6 bxc6 14. Nxc4 Rb8 15. Qc2 Rb5 16. Rac1 Qg4 17. Rfd1 Qh3 18. f3 h5 19. Rd4 Rg5 20. Qd2 e5 21. Qxg5 exd4 22. Qe5 h4 23. g4 f5 24. g5 f4 25. Qxd4 Qf5 26. Qe5 Be6 27. b3 Bd5 28. e4 fxe3 29. Qxf5 Rxf5 30. Nxe3 Rxg5+ 31. Kf2 Rg6 32. Rd1 Kf7 33. Rd4 Rf6 34. Nxd5 cxd5 35. Rxd5 Rc6 36. Kg2 Rc2+ 37. Kh3 Rxa2 38. Rc5 Kf6 39. Kxh4 Rxh2+ 40. Kg3 Rb2 1/2-1/2

[Event "Olympiad-34"]
[Site "Istanbul"]
[Date "2000.11.06"]
[Round "9.1"]
[White "Maharramzade, Javad"]
[Black "Matamoros Franco, Carlos S"]
[Result "1/2-1/2"]
[WhiteElo "2433"]
[BlackElo "2467"]
[PlyCount "52"]
[EventDate "2000.10.28"]
[EventType "team-swiss"]
[EventRounds "14"]
[EventCountry "TUR"]
[SourceTitle "EXT 2001"]
[Source "ChessBase"]
[SourceDate "2000.11.22"]
[SourceVersion "1"]
[SourceVersionDate "2000.11.22"]
[SourceQuality "1"]
[WhiteTeam "Azerbaijan"]
[BlackTeam "Ecuador"]
[WhiteTeamCountry "AZE"]
[BlackTeamCountry "ECU"]

1. d4 Nf6 2. Nf3 c5 3. d5 b5 4. Bg5 d6 5. Bxf6 exf6 6. e4 a6 7. a4 b4 8. Bd3 g6 9. Nbd2 Bg7 10. Nc4 a5 11. 0-0 0-0 12. Nfd2 Bb7 13. Qf3 Nd7 14. Qg3 Ne5 15. Rad1 f5 16. exf5 Bxd5 17. b3 Nxd3 18. Qxd3 Bd4 19. Nf3 Rc8 20. Rfe1 Bxf3 21. Qxf3 d5 22. Ne3 Bxe3 23. fxe3 d4 24. Rf1 Qd6 25. h3 Rc7 26. Kh1 Re8 1/2-1/2

[Event "Olympiad-34"]
[Site "Istanbul"]
[Date "2000.11.02"]
[Round "6.2"]
[White "Maharramzade, Javad"]
[Black "Hossain, Enamul"]
[Result "1/2-1/2"]
[WhiteElo "2433"]
[BlackElo "2314"]
[PlyCount "65"]
[EventDate "2000.10.28"]
[EventType "team-swiss"]
[EventRounds "14"]
[EventCountry "TUR"]
[SourceTitle "EXT 2001"]
[Source "ChessBase"]
[SourceDate "2000.11.22"]
[SourceVersion "1"]
[SourceVersionDate "2000.11.22"]
[SourceQuality "1"]
[WhiteTeam "Azerbaijan"]
[BlackTeam "Bangladesh"]
[WhiteTeamCountry "AZE"]
[BlackTeamCountry "BAN"]

1. d4 Nf6 2. Nf3 g6 3. c4 Bg7 4. g3 0-0 5. Bg2 d5 6. cxd5 Nxd5 7. 0-0 Nb6 8. Nc3 Nc6 9. d5 Na5 10. Qc2 Nxd5 11. Rd1 c6 12. Ne1 Bd7 13. Nxd5 cxd5 14. Rxd5 e6 15. Rd3 Rc8 16. Qd1 Rc7 17. Bf4 e5 18. Rc1 exf4 19. Rxc7 Qxc7 20. Rxd7 Qb6 21. b3 fxg3 22. hxg3 Bf6 23. Qd5 Qb4 24. Nf3 Nc6 25. e4 Qc3 26. Rxb7 Nd4 27. e5 Nxf3+ 28. Bxf3 Bxe5 29. Kg2 Bd4 30. Qc4 Qd2 31. Qe2 Qg5 32. Rd7 Rd8 33. Rxd8+ 1/2-1/2

[Event "Abu Dhabi op 10th"]
[Site "Abu Dhabi"]
[Date "2000.09.01"]
[Round "6"]
[White "Safin, Shukhrat"]
[Black "Maharramzade, Javad"]
[Result "1/2-1/2"]
[WhiteElo "2518"]
[BlackElo "2433"]
[PlyCount "46"]
[EventDate "2000.08.26"]
[EventType "swiss"]
[EventRounds "9"]
[EventCountry "UAE"]
[SourceTitle "CBM 077 Extra"]
[Source "ChessBase"]
[SourceDate "2000.09.14"]
[SourceVersion "1"]
[SourceVersionDate "2000.09.14"]
[SourceQuality "1"]

1. d4 Nf6 2. c4 e6 3. Nf3 Bb4+ 4. Nbd2 0-0 5. a3 Be7 6. e3 c5 7. dxc5 Bxc5 8. Bd3 Be7 9. 0-0 d6 10. b4 b6 11. Bb2 Bb7 12. Rc1 Nbd7 13. Bb1 Re8 14. Qc2 h6 15. h3 Rc8 16. Bc3 a6 17. Qb2 Rc7 18. Nh2 Qa8 19. f3 Bf8 20. Ng4 Nh5 21. Qc2 g6 22. Qd3 Rec8 23. Ba2 a5 1/2-1/2

[Event "Ubeda op 5th"]
[Site "Ubeda"]
[Date "2000.01.26"]
[Round "8"]
[White "Sorokin, Maxim"]
[Black "Maharramzade, Javad"]
[Result "1/2-1/2"]
[WhiteElo "2572"]
[BlackElo "2423"]
[PlyCount "37"]
[EventDate "2000.01.19"]
[EventType "swiss"]
[EventRounds "10"]
[EventCountry "ESP"]
[SourceTitle "CBM 075"]
[Source "ChessBase"]
[SourceDate "2000.04.05"]
[SourceVersion "1"]
[SourceVersionDate "2000.04.05"]
[SourceQuality "1"]

1. Nf3 c5 2. e4 e6 3. c4 Nc6 4. Nc3 Nf6 5. Be2 e5 6. 0-0 g6 7. a3 d6 8. b4 Bg7 9. Rb1 0-0 10. d3 b6 11. bxc5 dxc5 12. Nd5 Nxd5 13. cxd5 Nd4 14. Nxd4 cxd4 15. Bd2 Qd7 16. Qb3 Ba6 17. Rfd1 Rfc8 18. a4 Bf8 19. h4 1/2-1/2